[Event "Koge Xtracon op"]
[Site "Koge"]
[Date "2015.10.17"]
[Round "8"]
[White "Moe, Mogens"]
[Black "Jensen, Tommy"]
[Result "0-1"]
[WhiteElo "2082"]
[BlackElo "1849"]
[PlyCount "86"]
[EventDate "2015.10.12"]
[EventType "swiss"]
[EventRounds "9"]
[EventCountry "DEN"]
[SourceTitle "CBM 168 Extra"]
[Source "ChessBase"]
[SourceDate "2015.10.29"]
[SourceVersion "1"]
[SourceVersionDate "2015.10.29"]
[SourceQuality "1"]

1. e4 e5 2. Nf3 Nc6 3. d4 exd4 4. Nxd4 Nf6 5. Nxc6 bxc6 6. e5 Nd5 7. c4 Nb6 8. Bd3 g6 9. Nd2 Bg7 10. 0-0 0-0 11. Nf3 d5 12. exd6 cxd6 13. Bg5 Qc7 14. Qd2 Be6 15. Rac1 Na4 16. b3 Nc5 17. Bb1 Nb7 18. Qf4 f6 19. Bh6 Bxh6 20. Qxh6 Qg7 21. Qe3 Rfe8 22. Rfe1 Bd7 23. Qd2 Rxe1+ 24. Rxe1 Qf7 25. Nd4 Re8 26. Be4 d5 27. cxd5 cxd5 28. Bf3 Rxe1+ 29. Qxe1 Nc5 30. Qa5 Ne4 31. Qxa7 Qe8 32. Qa5 Qe5 33. Qb4 Qc7 34. Qe1 Qa7 35. Qa1 Qc5 36. Qb2 Qb4 37. Kf1 Nd2+ 38. Ke2 Nxf3 39. gxf3 Qe7+ 40. Kd1 Qe5 41. a4 Qxh2 42. a5 Qg1+ 43. Ke2 Bh3 0-1